Zmeny v zákone o minimálnej mzde

Dňa 1. februára 2008 nadobudol účinnosť úplne nový zákon č. 663/2007 Z.z. o minimálnej mzde. Dňa 19. septembra 2008 nadobudla účinnosť novela tohto zákona t.j. zákon č. 354/2008 Z.z. Informácia o zmenách v uvedenom zákone.

Guardado en:
Detalles Bibliográficos
Autor principal: Macková, Zuzana
Formato: Capítulo de libro
Lenguaje:eslovaco
Materias:
Etiquetas: Agregar Etiqueta
Sin Etiquetas, Sea el primero en etiquetar este registro!

MARC

LEADER 00000naa$a2200000$$$4500
001 0086085
005 20231127094852.1
041 0 |a slo 
044 |a SK 
245 1 0 |a Zmeny v zákone o minimálnej mzde  |c Zuzana Macková 
520 |a Dňa 1. februára 2008 nadobudol účinnosť úplne nový zákon č. 663/2007 Z.z. o minimálnej mzde. Dňa 19. septembra 2008 nadobudla účinnosť novela tohto zákona t.j. zákon č. 354/2008 Z.z. Informácia o zmenách v uvedenom zákone. 
610 2 0 |a Slovensko 
610 2 0 |a zákony 
610 2 0 |a novelizácia 
610 2 0 |a komentáre 
610 2 0 |a mzdy minimálne 
100 1 |a Macková, Zuzana